00423nam a2200181Ia 4500003000900000008004100009040001300050040001300063041000800076100002800084245007400112250001100186260000800197260000900205300001100214300001000225490000600235IT-RoPAU120407s9999 xx 000 0 und d aIT-RoPAU cIT-RoPAU aita aFernando da Riese Pio X aSanta Veronica Giuliani. Implacata inseguitrice di amore e di dolore. aPadova aEMP c1985 a577 p. c24 cm v1